VÝRAZNÁ EXPANZÍVNA VLNA DROZDA ČVÍKOTAVÉHO, TURDUS PILARIS L., R. 1972□1974 NA VÝCHODNOM SLOVENSKU (ZÁPADNÉ KARPATY, ČSSR)

Bibliographic Details
Main Author: Mošanský, Aristíd, 1928-2000 (Author)
Format: Article
Language:Slovak

MARC

LEADER 00000nab a2200000uu 4500
001 vtls011440917
003 SK-MaSNL
005 20260303123325.0
008 230213|1976 xo |||||||||||||||||slo|
015 |a SNBRB 
035 |a (urnnbn)urn:nbn:sk:snk:ar-002zma 
035 |a (uuid)c12acc27-ab52-407e-be5b-513e3ba1aa21 
035 |a urn:nbn:sk:snk-abcfa4 
040 |a SNKBUCL  |b slo  |c SNKBUCL  |e AACR2 
041 0 |a slo 
044 |a xo  |c SK 
100 1 |a Mošanský, Aristíd,  |d 1928-2000  |4 aut  |9 37782 
245 1 0 |a VÝRAZNÁ EXPANZÍVNA VLNA DROZDA ČVÍKOTAVÉHO, TURDUS PILARIS L., R. 1972□1974 NA VÝCHODNOM SLOVENSKU (ZÁPADNÉ KARPATY, ČSSR)  |c Aristid Mošanský 
773 0 |t Biológia : časopis Slovenskej akadémie vied  |g Roč. 31, č. 5 (1976), s. 353-361 
954 |a odborná, vedecká literatúra pôvodná (slovenská)  |2 lita 
958 |a OND 
958 |a EUIPO 
958 |a article16 
999 |c 1925212  |d 1927142